000 00436nam a2200193Ia 4500
005 20250423095919.0
008 250422s9999 xx 000 0 und d
020 _a0406574316
050 _aKA 10 .D5/
100 _aDias, Reginald Walter Michael
245 0 _aJurisprudence
250 _a5th ed.
260 _aLondon
260 _bButterworths
260 _c1985
300 _a520 p
650 _aJurisprudence.
942 _cBK
999 _c31718
_d31718